Oprášia tradíciu maratónov rozhovor s predsedom Bežeckého klubu v Starej Ľubovni Ladislavom Šimkom

Bibliographic Details
Main Author: Šimko, Ladislav (Author)
Format: Article
Language:Slovak
PhysicalDescription:Fotogr.
Subjects:

MARC

LEADER 00000nab a2200000 a 4500
001 vtls009512968
003 SK-MaSNL
005 20260303060701.0
008 171110c2008 xo wr 0 0slo
038 |a SLLK 
040 |a SLLK  |b slo  |c sllk  |e AACR2 
041 |a slo 
044 |a xo  |c SK 
080 |a 796.422  |2 2001 
245 0 0 |a Oprášia tradíciu maratónov  |b rozhovor s predsedom Bežeckého klubu v Starej Ľubovni Ladislavom Šimkom  |c Text a foto (mv) 
300 |b Fotogr. 
610 2 7 |a Bežecký klub Stará Ľubovňa  |2 sllk  |9 1053852 
648 7 |a 2008  |2 snkbucl  |9 317238 
650 0 7 |a šport  |2 snkbucl  |9 1042 
650 0 7 |a beh  |2 snkbucl  |9 3281 
651 7 |a Stará Ľubovňa (Slovensko)  |2 snkbucl  |9 19193 
700 1 |a Šimko, Ladislav  |4 ive  |4 aut  |9 413055 
773 0 |t Ľubovnianske noviny  |g Roč. XXXIV, č. 38 (2008), s. 8 
999 |c 1732425  |d 1734355